Shah Banu Judgment in Islamic Prespective (Record no. 20295)

MARC details
000 -LEADER
fixed length control field 00311nam a22001337a 4500
020 ## - INTERNATIONAL STANDARD BOOK NUMBER
ISBN 817151183X
082 ## - DEWEY DECIMAL CLASSIFICATION NUMBER
Classification number 340.59 AKH
100 ## - MAIN ENTRY--AUTHOR NAME
Author name Akhtar, Saleem
245 ## - TITLE STATEMENT
Title Shah Banu Judgment in Islamic Prespective
260 ## - PUBLICATION, DISTRIBUTION, ETC. (IMPRINT)
Place of publication New Delhi
Name of publisher Kitab Bhavan
Year of publication 1994
300 ## - PHYSICAL DESCRIPTION
Number of Pages 453
650 ## - SUBJECT ADDED ENTRY--TOPICAL TERM
Topical Term Islamic LAw
942 ## - ADDED ENTRY ELEMENTS (KOHA)
Koha item type Books
Holdings
Home library Current library Date acquired Source of acquisition Cost, normal purchase price Full call number Accession Number Koha item type
Henry Martyn Institute Library Henry Martyn Institute Library 02/21/2017 Amezon 319.00 340.59 AKH 25162 Books
                   Copyright © 2026 | Henry Martyn Institute | Hyderabad | TS-500052 | INDIA | Implemented by hmi.edu.in
Hit-Count:

Powered by Koha